| LEADER | 00943nam a2200229 a 4500 | ||
|---|---|---|---|
| 001 | GR-Patra127 | ||
| 008 | 991022s1979 gr 000 0 gre d | ||
| 040 | |a GrPaTEI |b gre |c GR-PaULI | ||
| 245 | 0 | 0 | |a Μαθήματα φυσικής του Πανεπιστημίου του Berkeley |n 3ος . |p Κυματική. |
| 260 | |a Αθήνα : |b [χ.ό.], |c 1979 | ||
| 300 | |a (xxvii, 660σ.) : |b εικ. | ||
| 650 | 4 | |a ΚΥΜΑΤΙΚΗ | |
| 650 | 4 | |a ΚΥΜΑΤΙΚΗ | |
| 650 | 4 | |a ΦΥΣΙΚΗ | |
| 650 | 4 | |a ΦΥΣΙΚΗ | |
| 700 | 1 | |a Crawford, Frank S., |c Jr. | |
| 700 | 1 | |a Βουδούρης, Γεώργιος | |
| 710 | 2 | |a Εθνικό Μετσόβιο Πολυτεχνείο | |
| 942 | |2 ddc | ||
| 952 | |0 0 |1 0 |2 ddc |4 0 |6 530_000000000000000_ΜΑΘ |7 0 |9 280566 |a LISK |b LISK |c BSC |d 2021-01-17 |e 24 |f 0 |g 0.00 |l 0 |o 530 ΜΑΘ |p 92410029 |r 2021-01-17 00:00:00 |t 1 |w 2021-01-17 |y BK15 |x 19991024 0 1 |x GrPaTEI | ||
| 971 | |a .b26476216 |b 16-04-20 |c 23-09-16 | ||
| 999 | |c 163457 |d 163457 | ||